Números
Guardat en:
| Format: | Llibre |
|---|---|
| Idioma: | espanyol |
| Publicat: |
Buenos Aires
Artemisa
2010
|
| Edició: | 1a. ed |
| Matèries: | |
| Etiquetes: |
Afegir etiqueta
Sense etiquetes, Sigues el primer a etiquetar aquest registre!
|
MARC
| LEADER | 00000cam a2200000 a 4500 | ||
|---|---|---|---|
| 001 | UCD5041 | ||
| 003 | CL-VaPUC | ||
| 008 | 160807e20100000ag |||||||||||||||||spa|d | ||
| 020 | |a 9789871707188 | ||
| 082 | 0 | 4 | |a 8 |b NUM |2 21 |
| 245 | 1 | 0 | |a Números |
| 250 | |a 1a. ed | ||
| 300 | |a 10 p | ||
| 942 | |c BK | ||
| 945 | |d 20160807 22:49:00 |a dcastane | ||
| 260 | |a Buenos Aires |b Artemisa |c 2010 | ||
| 650 | 0 | |a Libros infantiles |9 389584 | |
| 650 | 0 | |a Números |9 265328 | |
| 583 | |a last modification |c 20160807 22:49:00 |k Rodrigo Vera | ||
| 999 | |c 365808 |d 365806 | ||
| 952 | |0 0 |1 0 |3 erd |4 0 |6 8_000000000000000_NUM_2010 |7 0 |8 C |9 479771 |a BIBCUR |b BIBCUR |i 5335515 |l 3 |o 8 NUM 2010 |p 5335515 |r 2025-04-22 |s 2024-10-23 |w 2019-11-24 |y BK |z Catalogado en:20160807 |k INF | ||